World War II Countries With the most Civilian Deaths - Statistics

General Stats
  • This quiz has been taken 2,930 times
    2,891 since last reset
  • The average score is 15 of 19
Answer Stats
Non-Military Deaths Country % Correct
3 000 000 Germany*
98%
2 390 000 France*
97%
18 191 000 China
96%
800 000 Japan*
96%
2 817 200 UK*
96%
5 820 000 Poland
95%
17 000 000 USSR
95%
153 200 Italy*
93%
512 700 USA*
90%
4 503 300 Netherlands*
83%
376 000 Belgium*
82%
771 800 Greece
75%
200 000 Romania
75%
1 400 000 Yugoslavia
75%
264 000 Hungary
74%
320 000 Czechoslovakia
57%
533 000 Korea
45%
220 000 Latvia
32%
345 000 Lithuania
32%
No matching quizzes found
Score Distribution
Percent of People with Each Score
Percentile by Number Answered
Your Score History
You have not taken this quiz since the last reset